| 000 | 01183cam a22003135i 4500 | ||
|---|---|---|---|
| 999 |
_c17787 _d17759 |
||
| 003 | EG-ScBUE | ||
| 005 | 20200309122331.0 | ||
| 008 | 131205r20092003enk f 000 f eng d | ||
| 020 | _a9780751536140 | ||
| 040 |
_aEG-ScBUE _beng _erda _cEG-ScBUE _dEG-ScBUE |
||
| 082 | 0 | 4 |
_a813.6 _bALB _222 |
| 100 | 1 |
_aAlbom, Mitch, _d1958- _eauthor. _915633 |
|
| 245 | 1 | 4 |
_aThe five people you meet in heaven / _cMitch Albom. |
| 250 | _aReprinted edition. | ||
| 264 | 1 |
_aLondon : _bSphere, _c2009. |
|
| 300 |
_a231 pages ; _c19 cm |
||
| 336 |
_atext _btxt _2rdacontent |
||
| 337 |
_aunmediated _bn _2rdamedia |
||
| 338 |
_avolume _bnc _2rdacarrier |
||
| 500 | _aFirst published : 2003. | ||
| 520 | _aWeaves three stories about 83-year-old Eddie, the head maintenance person at Ruby Point Amusement park. Eddie meets 5 individuals in heaven each with a story to share, a secret to reveal and a lesson. They have profound meanings for Eddie on the real purpose of his life. | ||
| 650 | 7 |
_aFuture life _vFiction _2BUEsh _934548 |
|
| 650 | 7 |
_aAmerican Fiction. _2BUEsh |
|
| 651 | _2BUEsh | ||
| 653 | _cDecember2013 | ||
| 653 |
_bHHUUEENN _cMarch2020 |
||
| 942 |
_2ddc _cBB |
||